[Event "European Corporate 2nd"]
[Site "Minsk"]
[Date "2019.08.31"]
[Round "8.1"]
[White "Esipenko, Andrey"]
[Black "Delemarre, Jop"]
[Result "1-0"]
[WhiteElo "2625"]
[BlackElo "2391"]
[PlyCount "87"]
[EventDate "2019.08.30"]
[EventType "team-swiss"]
[EventRounds "9"]
[EventCountry "BLR"]
[SourceTitle "EXT 2020"]
[Source "ChessBase"]
[SourceDate "2019.10.17"]
[SourceVersion "1"]
[SourceVersionDate "2019.10.17"]
[SourceQuality "1"]
[WhiteTeam "Sberbank"]
[BlackTeam "DSE"]
[WhiteTeamCountry "RUS"]
[BlackTeamCountry "NED"]

1. d4 c5 2. d5 g6 3. e4 d6 4. c4 Bg7 5. h3 e6 6. Nf3 Nf6 7. Nc3 0-0 8. Be2 Na6 9. 0-0 Nc7 10. Be3 Re8 11. e5 dxe5 12. d6 Na6 13. Nxe5 Nd5 14. d7 Bxd7 15. Nxd7 Nxe3 16. fxe3 Qe7 17. Qa4 Rad8 18. Rad1 Nc7 19. Bf3 Qg5 20. Rfe1 f5 21. Bxb7 f4 22. Qa5 Nd5 23. Nxd5 Rxd7 24. Nf6+ Bxf6 25. exf4 Qxf4 26. Rxd7 Bd4+ 27. Kh1 Be5 28. Rxe5 Qxe5 29. Qd2 Qb8 30. Bf3 Rf8 31. b3 Qe5 32. Qe2 Qa1+ 33. Kh2 Qf6 34. Qe4 a5 35. Bg4 Kh8 36. Rd6 Re8 37. Rxe6 Rxe6 38. Bxe6 Kg7 39. Bd5 h5 40. h4 Qd6+ 41. g3 Qf6 42. Qe2 Qc3 43. Qe7+ Kh6 44. Qf8+ 1-0

[Event "European Corporate 2nd"]
[Site "Minsk"]
[Date "2019.08.30"]
[Round "4.4"]
[White "Delemarre, Jop"]
[Black "Aleksandrov, Aleksej"]
[Result "0-1"]
[WhiteElo "2391"]
[BlackElo "2571"]
[PlyCount "62"]
[EventDate "2019.08.30"]
[EventType "team-swiss"]
[EventRounds "9"]
[EventCountry "BLR"]
[SourceTitle "EXT 2020"]
[Source "ChessBase"]
[SourceDate "2019.10.17"]
[SourceVersion "1"]
[SourceVersionDate "2019.10.17"]
[SourceQuality "1"]
[WhiteTeam "DSE"]
[BlackTeam "Gen Procurator"]
[WhiteTeamCountry "NED"]
[BlackTeamCountry "BLR"]

1. b3 Nf6 2. Bb2 g6 3. Nf3 Bg7 4. c4 0-0 5. e3 d6 6. d4 c5 7. d5 e5 8. dxe6 Bxe6 9. Be2 d5 10. cxd5 Qxd5 11. 0-0 Nc6 12. Nc3 Qxd1 13. Rfxd1 h6 14. Nb5 Rad8 15. Be5 Nxe5 16. Nxe5 Nd5 17. f4 a6 18. Na3 Nxe3 19. Rxd8 Rxd8 20. Rc1 Rd2 21. Bf3 Rxa2 22. Nac4 Nxc4 23. bxc4 Rb2 24. Bd5 Bxe5 25. fxe5 Kf8 26. Bxe6 fxe6 27. Rf1+ Ke7 28. Rf6 a5 29. Rxg6 a4 30. Rg7+ Kf8 31. Rg3 Rb3 0-1

[Event "European Corporate 2nd"]
[Site "Minsk"]
[Date "2019.08.30"]
[Round "3.4"]
[White "Delemarre, Jop"]
[Black "Zhigalko, Sergei"]
[Result "0-1"]
[WhiteElo "2391"]
[BlackElo "2574"]
[PlyCount "82"]
[EventDate "2019.08.30"]
[EventType "team-swiss"]
[EventRounds "9"]
[EventCountry "BLR"]
[SourceTitle "EXT 2020"]
[Source "ChessBase"]
[SourceDate "2019.10.17"]
[SourceVersion "1"]
[SourceVersionDate "2019.10.17"]
[SourceQuality "1"]
[WhiteTeam "DSE"]
[BlackTeam "BAM"]
[WhiteTeamCountry "NED"]
[BlackTeamCountry "BLR"]

1. d4 Nf6 2. Nf3 e6 3. c4 b6 4. a3 Ba6 5. Qc2 Bb7 6. Nc3 c5 7. Bf4 Nh5 8. dxc5 bxc5 9. Bg5 Be7 10. Bxe7 Qxe7 11. Nb5 d5 12. cxd5 exd5 13. Qf5 a6 14. Qxh5 axb5 15. Rc1 0-0 16. Qe5 Qxe5 17. Nxe5 c4 18. e3 b4 19. axb4 Ra2 20. Be2 Rxb2 21. Bf3 Rxb4 22. 0-0 Nc6 23. Nd7 Rd8 24. Nc5 Ne5 25. Rb1 Rxb1 26. Rxb1 Bc6 27. Na6 Kf8 28. Be2 Ke7 29. f4 Nd7 30. Nb4 Kd6 31. Rd1 Nb6 32. e4 Bb7 33. Nxd5 Bxd5 34. exd5 Kc5 35. Bf3 Nxd5 36. Kf2 Rd6 37. g3 Nb4 38. Ra1 Rd2+ 39. Ke3 Rd3+ 40. Ke2 Nc2 41. Ra5+ Kb4 0-1

[Event "Chigorin Memorial 22nd"]
[Site "St Petersburg"]
[Date "2014.10.24"]
[Round "7"]
[White "Sichinava, Zviad"]
[Black "Delemarre, Jop"]
[Result "0-1"]
[WhiteElo "2275"]
[BlackElo "2399"]
[PlyCount "76"]
[EventDate "2014.10.18"]
[EventType "swiss"]
[EventRounds "9"]
[EventCountry "RUS"]
[SourceTitle "EXT 2015"]
[Source "ChessBase"]
[SourceDate "2014.11.20"]
[SourceVersion "1"]
[SourceVersionDate "2014.11.20"]
[SourceQuality "1"]

1. d4 Nf6 2. Bg5 Ne4 3. Bh4 c5 4. f3 Nf6 5. c3 Qb6 6. Qd2 d5 7. e3 Bf5 8. g4 Bg6 9. Nh3 Nc6 10. Nf4 0-0-0 11. Bh3 cxd4 12. g5+ Kb8 13. exd4 Nh5 14. Nxh5 Bxh5 15. f4 e5 16. fxe5 Nxe5 17. dxe5 d4 18. Bf2 dxc3 19. Nxc3 Bc5 20. Bxc5 Qxc5 21. Qf4 Rd3 22. Bg4 Rd4 23. Qxd4 Qxd4 24. Bxh5 Qh4+ 25. Kd2 Qxg5+ 26. Kc2 Qxh5 27. Rad1 Re8 28. Rd5 Rxe5 29. Rd8+ Kc7 30. Rhd1 Qf5+ 31. Kb3 a6 32. a4 Qe6+ 33. Kc2 Rg5 34. Kb1 g6 35. R8d6 Qb3 36. R6d3 Qe6 37. Rd6 Qf5+ 38. Ka1 Rg1 0-1

[Event "NED-chT 1112"]
[Site "Netherlands"]
[Date "2012.03.10"]
[Round "7.7"]
[White "Delemarre, Jop"]
[Black "Van Kerkhof, David"]
[Result "0-1"]
[WhiteElo "2421"]
[BlackElo "2279"]
[PlyCount "54"]
[EventDate "2011.09.17"]
[EventType "team-tourn"]
[EventRounds "9"]
[EventCountry "NED"]
[SourceTitle "EXT 2013"]
[Source "ChessBase"]
[SourceDate "2012.11.22"]
[SourceVersion "1"]
[SourceVersionDate "2012.11.22"]
[SourceQuality "1"]
[WhiteTeam "Hilversum HSG"]
[BlackTeam "Calder HMC"]
[WhiteTeamCountry "NED"]
[BlackTeamCountry "NED"]

1. d4 Nf6 2. c4 g6 3. Nc3 d5 4. Nf3 Bg7 5. Bg5 Ne4 6. Bh4 Nxc3 7. bxc3 dxc4 8. e3 b5 9. a4 c6 10. Nd2 a6 11. Be2 0-0 12. Qb1 Bf5 13. Qb4 Ra7 14. e4 Be6 15. axb5 cxb5 16. d5 Bc8 17. Ra3 Qd6 18. f4 f5 19. 0-0 Qxb4 20. cxb4 c3 21. Nf3 fxe4 22. Ne5 Rc7 23. Rc1 Rxf4 24. Bg3 Bxe5 25. Bxf4 Bxf4 26. Raxc3 Rxc3 27. Rxc3 Bb7 0-1

[Event "NED-chT 1112"]
[Site "Netherlands"]
[Date "2011.10.29"]
[Round "2.4"]
[White "Houben, Jaap"]
[Black "Delemarre, Jop"]
[Result "0-1"]
[WhiteElo "2322"]
[BlackElo "2421"]
[PlyCount "98"]
[EventDate "2011.09.17"]
[EventType "team-tourn"]
[EventRounds "9"]
[EventCountry "NED"]
[SourceTitle "EXT 2012"]
[Source "ChessBase"]
[SourceDate "2011.11.24"]
[SourceVersion "1"]
[SourceVersionDate "2011.11.24"]
[SourceQuality "1"]
[WhiteTeam "Utrecht"]
[BlackTeam "Hilversum HSG"]
[WhiteTeamCountry "NED"]
[BlackTeamCountry "NED"]

1. e4 e6 2. d4 d5 3. Nc3 Bb4 4. e5 c5 5. Bd2 Nh6 6. Nb5 Bxd2+ 7. Qxd2 0-0 8. f4 a6 9. Nd6 cxd4 10. Nf3 Nc6 11. Bd3 f6 12. 0-0 Bd7 13. Rae1 Qc7 14. Qf2 fxe5 15. fxe5 Nxe5 16. Rxe5 Qxd6 17. Qxd4 Rf6 18. c4 Bc6 19. Rfe1 Nf7 20. Rh5 h6 21. Ne5 dxc4 22. Qxd6 Nxd6 23. Nxc4 Rd8 24. Rhe5 Rf4 25. b3 Nb5 26. R5e3 Nd4 27. Ne5 Bd5 28. Ng6 Rf7 29. Ne5 Rf6 30. Bb1 Rc8 31. Ng6 Rc7 32. Rd1 Nf5 33. Bxf5 Rxf5 34. g3 Kf7 35. Nf4 Rc2 36. a3 Bc6 37. Rde1 g5 38. Ne2 Bd5 39. b4 Ra2 40. Nc3 Rg2+ 41. Kh1 Bc6 42. Ne4 Ra2 43. Kg1 Ke7 44. h3 Re5 45. Nf2 Rxe3 46. Rxe3 Ra1+ 47. Kh2 Rf1 48. Re2 Bf3 49. Rd2 h5 0-1

[Event "NED-chT 1112"]
[Site "Netherlands"]
[Date "2011.09.17"]
[Round "1.4"]
[White "Delemarre, Jop"]
[Black "Grooten, Herman"]
[Result "0-1"]
[WhiteElo "2421"]
[BlackElo "2333"]
[PlyCount "68"]
[EventDate "2011.09.17"]
[EventType "team-tourn"]
[EventRounds "9"]
[EventCountry "NED"]
[SourceTitle "CBM 144 Extra"]
[Source "ChessBase"]
[SourceDate "2011.10.28"]
[SourceVersion "1"]
[SourceVersionDate "2011.10.28"]
[SourceQuality "1"]
[WhiteTeam "Hilversum HSG"]
[BlackTeam "De Stukkenjagers"]
[WhiteTeamCountry "NED"]
[BlackTeamCountry "NED"]

1. d4 Nf6 2. Bg5 d5 3. e3 Ne4 4. Bh4 g5 5. Bg3 Bg7 6. Nd2 Nxg3 7. hxg3 c5 8. c3 Qb6 9. Qb3 c4 10. Qc2 f5 11. b3 cxb3 12. axb3 Nc6 13. g4 fxg4 14. Rxh7 Rxh7 15. Qxh7 Kf8 16. Qh5 e5 17. Qxg5 exd4 18. exd4 Be6 19. Bd3 Nxd4 20. Qf4+ Ke7 21. cxd4 Rf8 22. Qh2 Qxd4 23. Rc1 Qxd3 24. Rc7+ Bd7 25. Qh4+ Rf6 26. Qxg4 Re6+ 27. Kd1 Bc3 28. Ngf3 Kd8 29. Qg3 Bb5 30. Rxc3 Qxc3 31. Qg8+ Ke7 32. Qh7+ Kd6 33. Qh2+ Kc6 34. Ne1 Be2# 0-1

[Event "Moscow Aeroflot op-B 10th"]
[Site "Moscow"]
[Date "2011.02.12"]
[Round "5"]
[White "Korchmar, Vasiliy"]
[Black "Delemarre, Jop"]
[Result "1/2-1/2"]
[WhiteElo "2216"]
[BlackElo "2455"]
[PlyCount "36"]
[EventDate "2011.02.08"]
[EventType "swiss"]
[EventRounds "9"]
[EventCountry "RUS"]
[SourceTitle "CBM 140 Extra"]
[Source "ChessBase"]
[SourceDate "2011.03.01"]
[SourceVersion "1"]
[SourceVersionDate "2011.03.01"]
[SourceQuality "1"]

1. e4 e6 2. Nf3 d5 3. e5 c5 4. b4 cxb4 5. a3 Nh6 6. axb4 Bxb4 7. c3 Be7 8. d4 Nc6 9. Bd3 f5 10. Bxh6 gxh6 11. Qd2 Bf8 12. 0-0 Bd7 13. Be2 Bg7 14. c4 Ne7 15. Na3 a6 16. Rfb1 Bc6 17. c5 0-0 18. Nc2 Ng6 1/2-1/2

[Event "Moscow Aeroflot op-B 10th"]
[Site "Moscow"]
[Date "2011.02.09"]
[Round "2"]
[White "Delemarre, Jop"]
[Black "Oganisjan, Roman"]
[Result "1-0"]
[WhiteElo "2455"]
[BlackElo "2293"]
[PlyCount "83"]
[EventDate "2011.02.08"]
[EventType "swiss"]
[EventRounds "9"]
[EventCountry "RUS"]
[SourceTitle "CBM 140 Extra"]
[Source "ChessBase"]
[SourceDate "2011.03.01"]
[SourceVersion "1"]
[SourceVersionDate "2011.03.01"]
[SourceQuality "1"]

1. d4 Nf6 2. c4 c5 3. d5 d6 4. Nc3 e5 5. e4 Be7 6. g3 0-0 7. Bg2 Na6 8. Nf3 Nc7 9. a4 Nfe8 10. h3 f5 11. exf5 Bxf5 12. g4 Bg6 13. h4 h5 14. g5 Bf5 15. Nd2 g6 16. Nde4 b6 17. Ng3 Ng7 18. Nce4 a6 19. Be3 Nce8 20. 0-0 Rb8 21. Qd3 Bd7 22. Bd2 Nf5 23. f4 Nxh4 24. fxe5 dxe5 25. Bc3 Bf5 26. Bxe5 Nd6 27. Nxf5 Nhxf5 28. Bh3 Rb7 29. Rae1 Nxe4 30. Qxe4 Qd7 31. d6 Bd8 32. Bxf5 gxf5 33. Qd5+ Kh7 34. Bf4 Qg7 35. Kh1 Ra7 36. Re6 Bxg5 37. Rg1 Bxf4 38. Rxg7+ Rxg7 39. d7 Bg5 40. Re8 Rgg8 41. Qb7 Bd8 42. Qc8 1-0

[Event "Neckar op-A 14th"]
[Site "Deizisau"]
[Date "2010.04.03"]
[Round "5"]
[White "Delemarre, Jop"]
[Black "Dziuba, Marcin"]
[Result "1-0"]
[WhiteElo "2441"]
[BlackElo "2586"]
[PlyCount "205"]
[EventDate "2010.04.01"]
[EventType "swiss"]
[EventRounds "9"]
[EventCountry "GER"]
[SourceTitle "CBM 135 Extra"]
[Source "ChessBase"]
[SourceDate "2010.05.04"]
[SourceVersion "1"]
[SourceVersionDate "2010.05.04"]
[SourceQuality "1"]

1. d4 Nf6 2. c4 g6 3. Nc3 Bg7 4. e4 d6 5. h3 0-0 6. Bg5 c5 7. d5 e6 8. Bd3 exd5 9. exd5 Re8+ 10. Kf1 Nbd7 11. Nf3 h6 12. Bf4 Ne5 13. Nxe5 dxe5 14. Be3 b6 15. Qd2 e4 16. Be2 Kh7 17. a4 a5 18. Qc2 Bd7 19. g4 Qe7 20. Bf4 g5 21. Bg3 Kg8 22. Re1 Nh7 23. Bd1 f5 24. gxf5 Nf6 25. d6 Qf7 26. h4 Bxf5 27. hxg5 hxg5 28. Nb5 Rad8 29. b3 Qg6 30. Qd2 Rf8 31. Kg1 Rf7 32. Nc3 g4 33. Nd5 Nh5 34. Nf4 Nxf4 35. Qxf4 Rdf8 36. Qd2 Bd4 37. Rh4 Rh7 38. Rxh7 Kxh7 39. Bc2 Kg7 40. Qf4 e3 41. d7 Bxc2 42. Qxf8+ Kxf8 43. d8Q+ Qe8 44. Qxe8+ Kxe8 45. fxe3 Bf6 46. Bc7 Bd8 47. Bxd8 Kxd8 48. Kf2 Kc7 49. Rg1 Bxb3 50. Rxg4 Bxa4 51. Ke2 b5 52. Rg7+ Kb6 53. Rg6+ Kb7 54. Kd3 b4 55. e4 Bd7 56. Rg5 Kc6 57. e5 a4 58. Rg6+ Kc7 59. e6 Bc8 60. Rg5 Bxe6 61. Rxc5+ Kd6 62. Rb5 b3 63. Kc3 Bd7 64. Rd5+ Kc7 65. Rd2 Bf5 66. Kb4 Bc2 67. Ka3 Kc6 68. Rd5 Kc7 69. Rb5 Kc6 70. Kb2 Bd3 71. Rb4 Kc5 72. Kc3 Bc2 73. Rb5+ Kc6 74. Ra5 Kb6 75. Rxa4 Kc5 76. Ra5+ Kc6 77. Rb5 Bd1 78. Kd4 Bc2 79. Rb4 Bd1 80. c5 Bc2 81. Rb6+ Kc7 82. Kd5 Bd1 83. Rb4 Bf3+ 84. Kc4 Bd1 85. Kb5 Be2+ 86. Ka4 Kc6 87. Kxb3 Kxc5 88. Kc3 Bf3 89. Rf4 Bd5 90. Rf5 Kd6 91. Kd4 Be6 92. Rf6 Ke7 93. Ke5 Bf7 94. Rh6 Kf8 95. Kf6 Kg8 96. Rh4 Bd5 97. Rh5 Bf7 98. Rg5+ Kf8 99. Rg7 Bg8 100. Ra7 Bd5 101. Rd7 Bc6 102. Rd8+ Be8 103. Rc8 1-0

[Event "NED-chT 0809"]
[Site "Netherlands"]
[Date "2009.03.28"]
[Round "7.8"]
[White "Broekmeulen, Jasper"]
[Black "Delemarre, Jop"]
[Result "1-0"]
[WhiteElo "2325"]
[BlackElo "2468"]
[PlyCount "55"]
[EventDate "2008.09.27"]
[EventType "team-tourn"]
[EventRounds "9"]
[EventCountry "NED"]
[SourceTitle "EXT 2010"]
[Source "ChessBase"]
[SourceDate "2010.11.25"]
[SourceVersion "1"]
[SourceVersionDate "2010.11.25"]
[SourceQuality "1"]
[WhiteTeam "Calder HMC"]
[BlackTeam "Hilversum HSG"]
[WhiteTeamCountry "NED"]
[BlackTeamCountry "NED"]

1. e4 e6 2. d3 d5 3. Nd2 c5 4. Ngf3 Nc6 5. g3 Bd6 6. Bg2 Nge7 7. 0-0 0-0 8. Re1 Bc7 9. c3 Rb8 10. d4 cxd4 11. cxd4 dxe4 12. Nxe4 Nf5 13. Bd2 Nfxd4 14. Nxd4 Nxd4 15. Bb4 Re8 16. Rc1 Nc6 17. Qh5 h6 18. Red1 Bd7 19. Bc3 e5 20. Bh3 Re7 21. Nf6+ gxf6 22. Bxd7 Qf8 23. Bd2 Qg7 24. Bf5 Nd4 25. Bxh6 Nxf5 26. Bxg7 Nxg7 27. Qh4 Ne8 28. Rc4 1-0

[Event "NED-chT 0809"]
[Site "Netherlands"]
[Date "2009.02.07"]
[Round "5.7"]
[White "Delemarre, Jop"]
[Black "Vogel, Jaap"]
[Result "1/2-1/2"]
[WhiteElo "2468"]
[BlackElo "2254"]
[PlyCount "43"]
[EventDate "2008.09.27"]
[EventType "team-tourn"]
[EventRounds "9"]
[EventCountry "NED"]
[SourceTitle "EXT 2010"]
[Source "ChessBase"]
[SourceDate "2010.11.25"]
[SourceVersion "1"]
[SourceVersionDate "2010.11.25"]
[SourceQuality "1"]
[WhiteTeam "Hilversum HSG"]
[BlackTeam "Enschede ESGOO"]
[WhiteTeamCountry "NED"]
[BlackTeamCountry "NED"]

1. d4 d5 2. c4 c6 3. Nf3 Nf6 4. e3 Bf5 5. Nc3 e6 6. Nh4 Be4 7. f3 Bg6 8. Qb3 b5 9. cxd5 exd5 10. g3 Bd6 11. Bd2 a5 12. a4 b4 13. Nd1 Nbd7 14. Nf2 Qb6 15. Bh3 0-0 16. g4 Rad8 17. g5 Nh5 18. f4 Nxf4 19. exf4 Rfe8+ 20. Kf1 Qxd4 21. Nf3 Qb6 22. Bxd7 1/2-1/2

[Event "NED-chT 0809"]
[Site "Netherlands"]
[Date "2008.12.13"]
[Round "4.5"]
[White "Wantola, Ivo"]
[Black "Delemarre, Jop"]
[Result "1/2-1/2"]
[WhiteElo "2277"]
[BlackElo "2468"]
[PlyCount "26"]
[EventDate "2008.09.27"]
[EventType "team-tourn"]
[EventRounds "9"]
[EventCountry "NED"]
[SourceTitle "EXT 2010"]
[Source "ChessBase"]
[SourceDate "2010.11.25"]
[SourceVersion "1"]
[SourceVersionDate "2010.11.25"]
[SourceQuality "1"]
[WhiteTeam "Voerendaal"]
[BlackTeam "Hilversum HSG"]
[WhiteTeamCountry "NED"]
[BlackTeamCountry "NED"]

1. Nf3 Nf6 2. c4 g6 3. Nc3 Bg7 4. e4 d6 5. d4 0-0 6. Be2 e5 7. dxe5 dxe5 8. Qxd8 Rxd8 9. Nd5 Na6 10. Bg5 Rd6 11. Bxf6 Bxf6 12. Nxf6+ Rxf6 13. Rd1 Bg4 1/2-1/2

[Event "Politiken Cup 30th"]
[Site "Helsingor"]
[Date "2008.07.27"]
[Round "10"]
[White "Gajic, Mladen"]
[Black "Delemarre, Jop"]
[Result "0-1"]
[WhiteElo "2135"]
[BlackElo "2467"]
[PlyCount "80"]
[EventDate "2008.07.19"]
[EventType "swiss"]
[EventRounds "10"]
[EventCountry "DEN"]
[SourceTitle "CBM 125 Extra"]
[Source "ChessBase"]
[SourceDate "2008.09.01"]
[SourceVersion "1"]
[SourceVersionDate "2008.09.01"]
[SourceQuality "1"]

1. e4 e6 2. d4 d5 3. Nd2 Nf6 4. e5 Nfd7 5. f4 c5 6. c3 Nc6 7. Ndf3 f5 8. Ng5 Nb6 9. dxc5 Bxc5 10. b4 Be7 11. N5f3 h6 12. Nh3 Qc7 13. a4 a5 14. b5 Nb8 15. Be2 0-0 16. 0-0 N8d7 17. Nf2 Qxc3 18. Bd2 Qc7 19. Qe1 Nc5 20. Bxa5 Nb3 21. Bxb6 Qxb6 22. Ra2 Bd7 23. Kh1 Nd4 24. a5 Nxf3 25. Qc3 Qd4 26. Qxf3 Qb4 27. Bd3 Rxa5 28. Rb1 Rxa2 29. Rxb4 Bxb4 30. g4 Bc5 31. Nh3 Ra3 32. gxf5 Bxb5 33. fxe6 Bxd3 34. Qxd5 Ra1+ 35. Kg2 Bf1+ 36. Kg3 Ra3+ 37. Kg4 h5+ 38. Kg5 Be7+ 39. Kg6 Bd3+ 40. f5 Bxf5+ 0-1

[Event "Politiken Cup 30th"]
[Site "Helsingor"]
[Date "2008.07.26"]
[Round "9"]
[White "Molvig, Henrik"]
[Black "Delemarre, Jop"]
[Result "1/2-1/2"]
[WhiteElo "2204"]
[BlackElo "2467"]
[PlyCount "29"]
[EventDate "2008.07.19"]
[EventType "swiss"]
[EventRounds "10"]
[EventCountry "DEN"]
[SourceTitle "CBM 125 Extra"]
[Source "ChessBase"]
[SourceDate "2008.09.01"]
[SourceVersion "1"]
[SourceVersionDate "2008.09.01"]
[SourceQuality "1"]

1. d4 Nf6 2. c4 g6 3. Nc3 Bg7 4. e4 d6 5. Nf3 0-0 6. Be2 e5 7. 0-0 Na6 8. Bg5 h6 9. Bh4 g5 10. Bg3 Nh5 11. d5 f5 12. exf5 Bxf5 13. Nd2 Nf6 14. f3 c6 15. Bf2 1/2-1/2

[Event "Politiken Cup 30th"]
[Site "Helsingor"]
[Date "2008.07.23"]
[Round "6"]
[White "Delemarre, Jop"]
[Black "Hanssen, Gunnar Berg"]
[Result "1/2-1/2"]
[WhiteElo "2467"]
[BlackElo "2232"]
[PlyCount "25"]
[EventDate "2008.07.19"]
[EventType "swiss"]
[EventRounds "10"]
[EventCountry "DEN"]
[SourceTitle "CBM 125 Extra"]
[Source "ChessBase"]
[SourceDate "2008.09.01"]
[SourceVersion "1"]
[SourceVersionDate "2008.09.01"]
[SourceQuality "1"]

1. d4 Nf6 2. c4 c5 3. d5 b5 4. cxb5 a6 5. bxa6 g6 6. g3 d6 7. Nc3 Bxa6 8. Bg2 Bg7 9. Nf3 Nbd7 10. Rb1 Qa5 11. 0-0 0-0 12. Qc2 Rfb8 13. Bd2 1/2-1/2

[Event "Politiken Cup 30th"]
[Site "Helsingor"]
[Date "2008.07.22"]
[Round "5"]
[White "Tiviakov, Sergei"]
[Black "Delemarre, Jop"]
[Result "1-0"]
[WhiteElo "2645"]
[BlackElo "2467"]
[PlyCount "63"]
[EventDate "2008.07.19"]
[EventType "swiss"]
[EventRounds "10"]
[EventCountry "DEN"]
[SourceTitle "CBM 125 Extra"]
[Source "ChessBase"]
[SourceDate "2008.09.01"]
[SourceVersion "1"]
[SourceVersionDate "2008.09.01"]
[SourceQuality "1"]

1. e4 g6 2. d4 Bg7 3. c3 d6 4. Nf3 Nf6 5. Bd3 0-0 6. 0-0 c5 7. dxc5 dxc5 8. h3 Nc6 9. Qe2 Nd7 10. a4 Na5 11. Bf4 e5 12. Bg5 f6 13. Be3 f5 14. b4 Nc6 15. Ng5 f4 16. Ne6 Qh4 17. Nxf8 Bxf8 18. b5 Nd8 19. Bc1 Ne6 20. Bc4 Nf6 21. Nd2 Kh8 22. Nf3 Qh5 23. Bxe6 Bxe6 24. Re1 c4 25. Ba3 Nd7 26. Bxf8 Rxf8 27. Rad1 Nc5 28. Rd6 Bg8 29. a5 Qh6 30. Red1 Qg7 31. Rd8 Nd3 32. R1xd3 1-0

[Event "Politiken Cup 30th"]
[Site "Helsingor"]
[Date "2008.07.21"]
[Round "4"]
[White "Delemarre, Jop"]
[Black "Angskog, Kent"]
[Result "1-0"]
[WhiteElo "2467"]
[BlackElo "2247"]
[PlyCount "57"]
[EventDate "2008.07.19"]
[EventType "swiss"]
[EventRounds "10"]
[EventCountry "DEN"]
[SourceTitle "CBM 125 Extra"]
[Source "ChessBase"]
[SourceDate "2008.09.01"]
[SourceVersion "1"]
[SourceVersionDate "2008.09.01"]
[SourceQuality "1"]

1. d4 e6 2. c4 Bb4+ 3. Bd2 Qe7 4. Nf3 f5 5. g3 Nf6 6. Bg2 0-0 7. 0-0 c5 8. Bf4 cxd4 9. a3 Bd6 10. Bxd6 Qxd6 11. Qxd4 Qc7 12. Nc3 Nc6 13. Qf4 Qxf4 14. gxf4 Ne4 15. Rac1 Rb8 16. b4 a5 17. b5 Ne7 18. Na4 b6 19. Rfd1 d6 20. e3 Bd7 21. Ng5 d5 22. Nxe4 fxe4 23. Bxe4 Bxb5 24. cxb5 dxe4 25. Rd6 Rf6 26. Rxb6 Rd8 27. Nc5 Rg6+ 28. Kf1 Rh6 29. Rxe6 1-0

[Event "Politiken Cup 30th"]
[Site "Helsingor"]
[Date "2008.07.20"]
[Round "3"]
[White "Schultz Pedersen, Jesper"]
[Black "Delemarre, Jop"]
[Result "0-1"]
[WhiteElo "2165"]
[BlackElo "2467"]
[PlyCount "64"]
[EventDate "2008.07.19"]
[EventType "swiss"]
[EventRounds "10"]
[EventCountry "DEN"]
[SourceTitle "CBM 125 Extra"]
[Source "ChessBase"]
[SourceDate "2008.09.01"]
[SourceVersion "1"]
[SourceVersionDate "2008.09.01"]
[SourceQuality "1"]

1. e4 e6 2. d4 d5 3. e5 c5 4. Qg4 Nc6 5. Nf3 Qa5+ 6. c3 cxd4 7. Be2 dxc3 8. Nxc3 Nh6 9. Bxh6 gxh6 10. 0-0 Qb4 11. Qh5 Bg7 12. Rab1 0-0 13. a3 Qe7 14. Rfe1 f6 15. exf6 Qxf6 16. Bb5 Ne7 17. Qh4 Qxh4 18. Nxh4 a6 19. Bf1 Ng6 20. Nf3 Bd7 21. Bd3 Rac8 22. Bxg6 hxg6 23. Ne5 Be8 24. Rbd1 g5 25. f3 Rf5 26. Nd3 Kf7 27. Ne2 Ke7 28. f4 Rf8 29. b4 b6 30. g4 Kd6 31. Kg2 Ba4 32. Rc1 Rxc1 0-1

[Event "NED-chT 0708"]
[Site "Netherlands"]
[Date "2007.12.15"]
[Round "5.9"]
[White "Vogel, Jaap"]
[Black "Delemarre, Jop"]
[Result "0-1"]
[WhiteElo "2232"]
[BlackElo "2457"]
[PlyCount "78"]
[EventDate "2007.09.15"]
[EventType "team-tourn"]
[EventRounds "9"]
[EventCountry "NED"]
[SourceTitle "EXT 2009"]
[Source "ChessBase"]
[SourceDate "2008.11.26"]
[SourceVersion "1"]
[SourceVersionDate "2008.11.26"]
[SourceQuality "1"]
[WhiteTeam "Enschede ESGOO"]
[BlackTeam "Hilversum HSG"]
[WhiteTeamCountry "NED"]
[BlackTeamCountry "NED"]

1. Nf3 Nf6 2. g3 g6 3. Bg2 Bg7 4. c4 0-0 5. 0-0 d6 6. d4 c5 7. Nc3 Nc6 8. d5 Na5 9. Nd2 a6 10. Rb1 Rb8 11. a3 Qc7 12. b3 b5 13. Qc2 e6 14. Bb2 bxc4 15. bxc4 Re8 16. Ba1 Rxb1 17. Rxb1 exd5 18. cxd5 c4 19. e4 Ng4 20. Nd1 Bxa1 21. Rxa1 f5 22. h3 Nf6 23. Qc3 Nxe4 24. Nxe4 fxe4 25. Ne3 Qg7 26. Qxg7+ Kxg7 27. Bf1 Re7 28. Nxc4 Nxc4 29. Bxc4 Bxh3 30. Bxa6 Kf6 31. a4 Ke5 32. Bc4 Rc7 33. Bb3 Rc3 34. Rb1 Bf5 35. Rb2 Rc1+ 36. Kg2 Kd4 37. a5 Bg4 38. f4 Ke3 39. Rf2 Bf3+ 0-1

[Event "BL2-Sued 0708"]
[Site "Germany"]
[Date "2007.12.09"]
[Round "4.1"]
[White "Rausis, Igors"]
[Black "Delemarre, Jop"]
[Result "1/2-1/2"]
[WhiteElo "2512"]
[BlackElo "2478"]
[PlyCount "156"]
[EventDate "2007.10.21"]
[EventType "team-tourn"]
[EventRounds "9"]
[EventCountry "GER"]
[SourceTitle "EXT 2009"]
[Source "ChessBase"]
[SourceDate "2008.11.26"]
[SourceVersion "1"]
[SourceVersionDate "2008.11.26"]
[SourceQuality "1"]
[WhiteTeam "Schwegenheim"]
[BlackTeam "Karlsruhe"]
[WhiteTeamCountry "GER"]
[BlackTeamCountry "GER"]

1. c4 e5 2. g3 c6 3. d4 Bb4+ 4. Bd2 Bxd2+ 5. Qxd2 d6 6. Nc3 Nf6 7. Bg2 0-0 8. e3 Be6 9. b3 exd4 10. Qxd4 d5 11. cxd5 Nxd5 12. Nxd5 Bxd5 13. Bxd5 cxd5 14. Ne2 Nc6 15. Qd2 Qf6 16. 0-0 Rad8 17. Rad1 Rfe8 18. Nd4 Ne5 19. Qe2 a6 20. Rd2 g6 21. Rfd1 Rd6 22. Kg2 Qd8 23. Nf3 Nc6 24. Qd3 Qe7 25. Qc2 Rf6 26. Nd4 Qe4+ 27. Qxe4 dxe4 28. Nxc6 Rxc6 29. g4 h6 30. h4 Kg7 31. Rd7 b5 32. R1d6 Re6 33. Rxe6 Rxe6 34. Kg3 g5 35. Rd5 Kf6 36. a4 Re5 37. Rd7 Re7 38. Rd8 bxa4 39. bxa4 Re6 40. Rb8 Ke5 41. Ra8 Kf6 42. Rc8 Rd6 43. Rc5 Re6 44. Rf5+ Kg6 45. Rd5 Kf6 46. Rf5+ Kg6 47. Ra5 Kf6 48. Kg2 Rc6 49. Rf5+ Kg6 50. hxg5 hxg5 51. Rd5 f6 52. Rd4 Re6 53. Rc4 Re5 54. Kf1 Re6 55. Rc5 Rb6 56. Rc4 Re6 57. Kg2 Re5 58. Rb4 Re6 59. Rd4 Re5 60. Kh3 Re6 61. Rb4 Re5 62. Kg3 Re6 63. Rc4 Re5 64. Rd4 Re6 65. Rd5 Rc6 66. Kg2 Kf7 67. Rd4 Re6 68. Rd7+ Re7 69. Rd8 Re5 70. Kf1 Ke6 71. Rd4 f5 72. Kg2 fxg4 73. Kg3 Kf5 74. Rb4 Rc5 75. Rd4 Re5 76. Rd6 Ra5 77. Rd4 Re5 78. Rd6 Ra5 1/2-1/2